[Event "HUN-chT2 Breyer 1819"]
[Site "Hungary"]
[Date "2019.01.27"]
[Round "4.6"]
[White "Szanto, Levente"]
[Black "Szabo, Lorinc"]
[Result "0-1"]
[WhiteElo "1876"]
[BlackElo "1979"]
[PlyCount "88"]
[EventDate "2018.10.28"]
[EventType "team-tourn"]
[EventRounds "9"]
[EventCountry "HUN"]
[SourceTitle "CBM 189 Extra"]
[Source "ChessBase"]
[SourceDate "2019.06.03"]
[SourceVersion "1"]
[SourceVersionDate "2019.06.03"]
[SourceQuality "1"]
[WhiteTeam "Paty"]
[BlackTeam "Szekesfehervar"]
[WhiteTeamCountry "HUN"]
[BlackTeamCountry "HUN"]

1. e4 c5 2. Nf3 d6 3. d4 cxd4 4. Nxd4 Nf6 5. Nc3 g6 6. f3 Bg7 7. Be3 0-0 8. Qd2 Nc6 9. Bc4 Bd7 10. g4 Rc8 11. Bb3 Qa5 12. h4 h5 13. gxh5 Nxh5 14. Rg1 Ne5 15. Rg5 Bf6 16. Rxh5 gxh5 17. 0-0-0 Kh7 18. Bg5 Nc4 19. Bxc4 Bxg5 20. hxg5 Rxc4 21. Rh1 Kg6 22. f4 Rh8 23. Nb3 Qa6 24. f5+ Kg7 25. f6+ Kf8 26. e5 Bf5 27. Nd4 Bg4 28. fxe7+ Kxe7 29. Ndb5 dxe5 30. Qd5 Qe6 31. Qxb7+ Kf8 32. Re1 a6 33. Na3 Rd4 34. Qa7 Kg7 35. Qc5 Rhd8 36. Nc4 Rxc4 37. Qf2 Rf4 38. Qe3 Rfd4 39. b3 e4 40. Kb2 Qe5 41. a4 Rd1 42. Rxd1 Rxd1 43. Qb6 Rd6 44. Qb8 e3 0-1

[Event "HUN-chT2 Asztalos 1011"]
[Site "Hungary"]
[Date "2011.04.17"]
[Round "9.9"]
[White "Haszon, Attila"]
[Black "Szabo, Lorinc"]
[Result "1/2-1/2"]
[WhiteElo "1741"]
[BlackElo "1944"]
[PlyCount "63"]
[EventDate "2010.09.12"]
[EventType "team-tourn"]
[EventRounds "11"]
[EventCountry "HUN"]
[SourceTitle "EXT 2012"]
[Source "ChessBase"]
[SourceDate "2011.11.24"]
[SourceVersion "1"]
[SourceVersionDate "2011.11.24"]
[SourceQuality "1"]
[WhiteTeam "Marcali"]
[BlackTeam "Fehervar"]
[WhiteTeamCountry "HUN"]
[BlackTeamCountry "HUN"]

1. d4 Nf6 2. Nf3 d6 3. c4 g6 4. Nc3 Bg7 5. g3 0-0 6. Bg2 Nbd7 7. 0-0 e5 8. dxe5 dxe5 9. e4 c6 10. Bg5 Qc7 11. Qc2 h6 12. Bxf6 Nxf6 13. Rad1 Be6 14. b3 Nh7 15. Nh4 Bf6 16. Nf3 g5 17. Qc1 g4 18. Nh4 Bg5 19. Qa3 Bxh4 20. gxh4 Rfd8 21. Qc5 b6 22. Qe3 Kg7 23. f3 Rxd1 24. Nxd1 Nf6 25. fxg4 Nxg4 26. Qg3 Kh7 27. Qf3 h5 28. h3 Nh6 29. Qxh5 Rg8 30. Rf6 Rg6 31. Rxg6 fxg6 32. Qg5 1/2-1/2

[Event "HUN-chT2 Asztalos 1011"]
[Site "Hungary"]
[Date "2010.10.10"]
[Round "3.10"]
[White "Waszner, Karoly"]
[Black "Szabo, Lorinc"]
[Result "1-0"]
[WhiteElo "1850"]
[BlackElo "1944"]
[PlyCount "87"]
[EventDate "2010.09.12"]
[EventType "team-tourn"]
[EventRounds "11"]
[EventCountry "HUN"]
[SourceTitle "EXT 2012"]
[Source "ChessBase"]
[SourceDate "2011.11.24"]
[SourceVersion "1"]
[SourceVersionDate "2011.11.24"]
[SourceQuality "1"]
[WhiteTeam "Mohacs"]
[BlackTeam "Fehervar"]
[WhiteTeamCountry "HUN"]
[BlackTeamCountry "HUN"]

1. e4 c5 2. Nc3 d6 3. Bc4 Nf6 4. h3 a6 5. a4 Nc6 6. Nf3 g6 7. d4 cxd4 8. Nxd4 Bg7 9. Be3 0-0 10. 0-0 Bd7 11. Qd2 Rc8 12. Ba2 Nxd4 13. Bxd4 b5 14. axb5 axb5 15. Rfe1 e5 16. Ba7 Qc7 17. Bb3 Ra8 18. Qe3 b4 19. Nd5 Nxd5 20. Bxd5 Bc6 21. Qb6 Qxb6 22. Bxb6 Bxd5 23. exd5 Rxa1 24. Rxa1 Rc8 25. Ra4 Rxc2 26. Rxb4 Rd2 27. Be3 Rd1+ 28. Kh2 f5 29. Rb8+ Kf7 30. Bg5 h6 31. Rb7+ Kg8 32. Bd8 Rxd5 33. b4 e4 34. b5 Be5+ 35. g3 f4 36. gxf4 Bxf4+ 37. Kg2 Rd2 38. Kf1 d5 39. b6 d4 40. Bc7 e3 41. fxe3 dxe3 42. Bxf4 Rf2+ 43. Ke1 Rxf4 44. Rc7 1-0

[Event "HUN-chT2 Asztalos 1011"]
[Site "Hungary"]
[Date "2010.09.26"]
[Round "2.10"]
[White "Szabo, Lorinc"]
[Black "Csatho, Gabor"]
[Result "1-0"]
[WhiteElo "1944"]
[BlackElo "1784"]
[PlyCount "71"]
[EventDate "2010.09.12"]
[EventType "team-tourn"]
[EventRounds "11"]
[EventCountry "HUN"]
[SourceTitle "EXT 2012"]
[Source "ChessBase"]
[SourceDate "2011.11.24"]
[SourceVersion "1"]
[SourceVersionDate "2011.11.24"]
[SourceQuality "1"]
[WhiteTeam "Fehervar"]
[BlackTeam "Dunajvaros"]
[WhiteTeamCountry "HUN"]
[BlackTeamCountry "HUN"]

1. d4 Nf6 2. Nf3 g6 3. c4 Bg7 4. Nc3 d5 5. cxd5 Nxd5 6. e4 Nxc3 7. bxc3 0-0 8. Bc4 c5 9. 0-0 Nc6 10. Bd5 Bg4 11. Rb1 Na5 12. Be3 e6 13. Bxb7 Nxb7 14. Rxb7 Qa5 15. Qb3 Bxf3 16. gxf3 cxd4 17. cxd4 Qh5 18. Kg2 g5 19. Rb5 e5 20. h3 Kh8 21. dxe5 Rae8 22. Bd4 f5 23. exf6 Bxf6 24. Bxf6+ Rxf6 25. Qc3 Ref8 26. Rf5 Kg7 27. Rd1 Kg6 28. Rd7 Qh6 29. Rxf6+ Rxf6 30. Qxf6+ Kxf6 31. Rd6+ Kg7 32. Rxh6 Kxh6 33. Kg3 Kg6 34. f4 h6 35. f5+ Kf6 36. Kg4 1-0

[Event "HUN-chT2 Charousek 0910"]
[Site "Hungary"]
[Date "2010.04.11"]
[Round "9"]
[White "Szabo, Lorinc"]
[Black "Odor, Istvan"]
[Result "1/2-1/2"]
[WhiteElo "1949"]
[BlackElo "1958"]
[PlyCount "108"]
[EventDate "2009.11.08"]
[EventType "team-tourn"]
[EventRounds "11"]
[EventCountry "HUN"]
[SourceTitle "EXT 2011"]
[Source "ChessBase"]
[SourceDate "2010.11.26"]
[SourceVersion "1"]
[SourceVersionDate "2010.11.26"]
[SourceQuality "1"]
[WhiteTeam "Fehervar"]
[BlackTeam "Sarvar"]
[WhiteTeamCountry "HUN"]
[BlackTeamCountry "HUN"]

1. d4 d5 2. Nf3 Nf6 3. Bf4 e6 4. e3 Be7 5. Bd3 0-0 6. 0-0 Nbd7 7. Nbd2 c5 8. c3 a6 9. Ne5 Qb6 10. Rb1 Re8 11. Bg3 Nxe5 12. dxe5 Nd7 13. Bc2 Nf8 14. f4 Rd8 15. Bf2 Qc7 16. Nf3 Bd7 17. Bg3 Qb6 18. Bf2 Rac8 19. Qe2 Ng6 20. Rfd1 Qc7 21. Bg3 Qb6 22. Kh1 Bb5 23. Qf2 c4 24. Nd4 Bc5 25. Rf1 Rf8 26. f5 exf5 27. Bxf5 Rce8 28. Qc2 Kh8 29. e6 fxe6 30. Bxg6 Rxf1+ 31. Rxf1 hxg6 32. Qxg6 e5 33. Qh5+ Qh6 34. Qxh6+ gxh6 35. Nxb5 axb5 36. Rd1 Bxe3 37. Rxd5 e4 38. Re5 Rf8 39. h4 Rf1+ 40. Kh2 Bg1+ 41. Kh3 e3 42. Kg4 Rb1 43. Rxb5 e2 44. Re5 Rxb2 45. Kf3 Rxa2 46. Rxe2 Rxe2 47. Kxe2 Bc5 48. Kf3 b5 49. Be1 Kg7 50. Ke4 Kf6 51. Kd5 Be3 52. Kc6 Ke6 53. Kxb5 Kd5 54. Bg3 h5 1/2-1/2

[Event "HUN-chT2 Charousek 0910"]
[Site "Hungary"]
[Date "2009.11.22"]
[Round "2"]
[White "Szabo, Lorinc"]
[Black "Konig, Balazs"]
[Result "0-1"]
[WhiteElo "1949"]
[BlackElo "2137"]
[PlyCount "68"]
[EventDate "2009.11.08"]
[EventType "team-tourn"]
[EventRounds "11"]
[EventCountry "HUN"]
[SourceTitle "EXT 2011"]
[Source "ChessBase"]
[SourceDate "2010.11.26"]
[SourceVersion "1"]
[SourceVersionDate "2010.11.26"]
[SourceQuality "1"]
[WhiteTeam "Fehervar"]
[BlackTeam "Pannonpower"]
[WhiteTeamCountry "HUN"]
[BlackTeamCountry "HUN"]

1. d4 Nf6 2. Nf3 c5 3. d5 d6 4. c4 b5 5. cxb5 a6 6. e3 g6 7. Nc3 Bg7 8. e4 0-0 9. Be3 Qa5 10. Bd2 axb5 11. Nxb5 Qb6 12. Qc2 Ba6 13. a4 Nbd7 14. Bc4 Ng4 15. 0-0 Nde5 16. Nxe5 Nxe5 17. Be2 c4 18. Be3 Qb7 19. f4 Nd3 20. Bxd3 cxd3 21. Qxd3 Bxb2 22. Rab1 Bg7 23. Bd4 Qd7 24. Bxg7 Kxg7 25. Qd4+ Kg8 26. Rfc1 Rfb8 27. Nc3 Rc8 28. Na2 Qg4 29. Rxc8+ Rxc8 30. Nb4 Rc4 31. Qb6 Qxf4 32. Nxa6 Qxe4 33. Nb4 Qxb1+ 34. Kf2 Qxb4 0-1

[Event "HUN-chT2 Asztalos 0809"]
[Site "Hungary"]
[Date "2009.01.11"]
[Round "5"]
[White "Forgacs, Istvan"]
[Black "Szabo, Lorinc"]
[Result "1/2-1/2"]
[WhiteElo "1932"]
[BlackElo "1932"]
[PlyCount "41"]
[EventDate "2008.10.26"]
[EventType "team-tourn"]
[EventRounds "11"]
[EventCountry "HUN"]
[SourceTitle "EXT 2010"]
[Source "ChessBase"]
[SourceDate "2010.11.25"]
[SourceVersion "1"]
[SourceVersionDate "2010.11.25"]
[SourceQuality "1"]
[WhiteTeam "Mohacs"]
[BlackTeam "Fehervar"]
[WhiteTeamCountry "HUN"]
[BlackTeamCountry "HUN"]

1. e4 c5 2. Nf3 d6 3. d4 cxd4 4. Nxd4 Nf6 5. Nc3 a6 6. Bc4 e6 7. a4 Be7 8. Be3 0-0 9. f3 Qc7 10. Bb3 Nbd7 11. Qd2 Nc5 12. 0-0 e5 13. Nde2 Nxb3 14. cxb3 Be6 15. Nd5 Bxd5 16. exd5 e4 17. Nc3 exf3 18. Rxf3 Nd7 19. Rh3 Rfe8 20. Rf1 Bf6 21. Kh1 1/2-1/2

[Event "HUN-chT2 Asztalos 0708"]
[Site "Hungary"]
[Date "2007.12.09"]
[Round "4"]
[White "Szabo, Lorinc"]
[Black "Eltigani, Omar"]
[Result "1/2-1/2"]
[WhiteElo "1956"]
[BlackElo "1912"]
[PlyCount "76"]
[EventDate "2007.10.14"]
[EventType "team"]
[EventRounds "11"]
[EventCountry "HUN"]
[SourceTitle "EXT 2009"]
[Source "ChessBase"]
[SourceDate "2008.11.26"]
[SourceVersion "1"]
[SourceVersionDate "2008.11.26"]
[SourceQuality "1"]
[WhiteTeam "Fehervar"]
[BlackTeam "Szekszard"]
[WhiteTeamCountry "HUN"]
[BlackTeamCountry "HUN"]

1. d4 d5 2. Nf3 Nf6 3. Bf4 c5 4. c3 Nc6 5. e3 Qb6 6. Qc2 cxd4 7. exd4 Bf5 8. Qb3 e6 9. Nbd2 Nd7 10. Be2 Be7 11. 0-0 0-0 12. h3 Rac8 13. Rac1 Rfd8 14. Rfd1 Na5 15. Qxb6 Nxb6 16. g4 Bg6 17. Ne5 Nac4 18. Nxg6 hxg6 19. Nxc4 Nxc4 20. Bxc4 dxc4 21. Re1 g5 22. Bg3 Bf6 23. Be5 Rd5 24. Bxf6 gxf6 25. b4 b5 26. Kf1 Rcd8 27. Rc2 e5 28. dxe5 fxe5 29. Re3 f6 30. a4 a6 31. axb5 axb5 32. Ra2 Kf7 33. Ra7+ Kg6 34. Ra5 Rd1+ 35. Kg2 R8d5 36. Rf3 e4 37. Rf5 R1d2 38. Kf1 R2d3 1/2-1/2

[Event "HUN-chT2 Asztalos 0708"]
[Site "Hungary"]
[Date "2007.11.11"]
[Round "2"]
[White "Molnar, Ferenc"]
[Black "Szabo, Lorinc"]
[Result "1/2-1/2"]
[WhiteElo "1779"]
[BlackElo "1956"]
[PlyCount "53"]
[EventDate "2007.10.14"]
[EventType "team"]
[EventRounds "11"]
[EventCountry "HUN"]
[SourceTitle "EXT 2009"]
[Source "ChessBase"]
[SourceDate "2008.11.26"]
[SourceVersion "1"]
[SourceVersionDate "2008.11.26"]
[SourceQuality "1"]
[WhiteTeam "Dombovar"]
[BlackTeam "Fehervar"]
[WhiteTeamCountry "HUN"]
[BlackTeamCountry "HUN"]

1. e4 c5 2. Nf3 d6 3. d4 cxd4 4. Nxd4 Nf6 5. Nc3 a6 6. Be3 e6 7. f3 Be7 8. Qd2 0-0 9. g4 b5 10. 0-0-0 Bb7 11. g5 Ne8 12. h4 Nd7 13. h5 Nc7 14. Bh3 Ne5 15. Rhg1 Nc4 16. Qe2 Nxe3 17. Qxe3 b4 18. Nce2 a5 19. Kb1 d5 20. g6 Bc5 21. exd5 Bxd5 22. Qe5 f6 23. gxh7+ Kxh7 24. Qg3 Qe7 25. Nf4 Bxd4 26. Rxd4 Qf7 27. Qg6+ 1/2-1/2

[Event "HUN-chT2 Asztalos 0607"]
[Site "Hungary"]
[Date "2007.04.15"]
[Round "8"]
[White "Szabo, Lorinc"]
[Black "Percze, Gabor"]
[Result "1/2-1/2"]
[WhiteElo "1954"]
[BlackElo "2090"]
[PlyCount "26"]
[EventDate "2006.11.12"]
[EventType "team"]
[EventRounds "11"]
[EventCountry "HUN"]
[SourceTitle "EXT 2008"]
[Source "ChessBase"]
[SourceDate "2007.11.25"]
[SourceVersion "1"]
[SourceVersionDate "2007.11.25"]
[SourceQuality "1"]
[WhiteTeam "Varga Mafry"]
[BlackTeam "Nagyatad"]
[WhiteTeamCountry "HUN"]
[BlackTeamCountry "HUN"]

1. d4 f5 2. c4 Nf6 3. Nc3 g6 4. b3 Bg7 5. Bb2 d6 6. Nf3 c6 7. Qc2 Na6 8. a3 Qb6 9. b4 0-0 10. c5 Qd8 11. cxd6 exd6 12. e3 Nc7 13. Be2 d5 1/2-1/2